Visualizing Relationships Between Organizational Patterns

Guardado en:
Detalles Bibliográficos
Autor principal: Berežný, Tomáš (Autor)
Otros Autores: Sulaiman Khail, Waheedullah (Orientador)
Formato: Manuscrito Libro
Lenguaje:eslovaco
Publicado: 2023
Materias:
Acceso en línea:http://is.stuba.sk/zp/portal_zp.pl?podrobnosti=162613
Etiquetas: Agregar Etiqueta
Sin Etiquetas, Sea el primero en etiquetar este registro!

MARC

LEADER 00000ntm a22000003a 4500
001 stuzp92331
003 SK-STU
005 20230909212805.1
007 ta
008 150427s2015----xo-----f-mn---000-0-slo-d
040 |a STU  |b slo 
041 0 |a slo 
100 1 |a Berežný, Tomáš  |u 070200  |4 aut  |U FIIT Fakulta informatiky a informačných technológií  |T FIIT Ústav informatiky, informačných systémov a softvérového inžinierstva  |X 110763  |U I200  |Y 179  |7 110763 
242 0 1 |a Visualizing Relationships Between Organizational Patterns  |y eng 
245 1 0 |a Visualizing Relationships Between Organizational Patterns 
260 |c 2023 
650 4 |a Vizualizácia  |2 slo 
650 4 |a vzťahy  |2 slo 
650 4 |a organizačné vzory  |2 slo 
650 4 |a visualization  |2 eng 
650 4 |a relationships  |2 eng 
650 4 |a organizational patterns  |2 eng 
700 1 |a Sulaiman Khail, Waheedullah  |u 070000  |k Z3  |4 ths  |T FIIT Fakulta informatiky a informačných technológií  |X 88314  |U I  |Y 70  |7 88314 
856 4 |u http://is.stuba.sk/zp/portal_zp.pl?podrobnosti=162613